• 首页
  • 本馆介绍
  • 公告通知
  • 最新文献
  • 馆藏检索
  • 电子资源
  • 读者导购
  • 参考咨询
  • 我的图书馆
  • 登录
  • 详细信息显示
  • 放入我的书架
  • 预约/预借图书
  • 作者相关作品
  • 分类相关作品
  • 丛书相关作品
  • 出版社相关作品

书目信息

  • 表格格式
  • 工作单格式
  • 卡片格式
题名:
中国国际广播大事记
    
 
作者: 胡耀亭 主编
分册:  
出版信息: 北京   中国国际广播出版社  1996.10
页数: 832页
开本: 20cm
丛书名: 国际广播丛书
单 册:
中图分类: G229.29
科图分类:
主题词: 广播事业 , 电视事业
电子资源:
ISBN: 7-5078-1390-8
000 00707nam0 2200241 450
001 0730586872
005 20071215083110.36
010    @a7-5078-1390-8@dCNY54.00
100    @a20071215d1996 km y0chiy0120 ea
101 0  @achi
102    @aCN@b110000
200 1  @a中国国际广播大事记@Azhong guo guo ji guang bo da shi ji@f胡耀亭主编@Fhu yao ting zhu bian
210    @a北京@c中国国际广播出版社@d1996.10
215    @a832页@d20cm
225 2  @a国际广播丛书
410  0 @12001 @a国际广播丛书
606 0  @a广播事业
606 0  @a电视事业
690    @aG229.29@v4
701  0 @a胡耀亭@Ahu yao ting@4主编
801  0 @aCN@b大连网信软件有限公司图书馆@c20071215
905    @aBZT@dG229.29@e1
906    @dCNY54.00@n0@r1
    
    中国国际广播大事记/胡耀亭主编.-北京:中国国际广播出版社,1996.10
    832页;20cm.-(国际广播丛书)
    
    
    ISBN 7-5078-1390-8:CNY54.00
    
●
相关链接 在五车中查询图书 在当当中查询图书 在豆瓣中查询图书


正题名:中国国际广播大事记     索取号:G229.29/1         预约/预借

序号 登录号 条形码 馆藏地/架位号 状态 备注
1 610040   2000610040   中心书库北库/ 北库032架B面2列1层18/ [索取号:G229.29/1] 在馆    
2 610041   2000610041   中心书库北库/ 北库032架B面2列1层10/ [索取号:G229.29/1] 在馆    
3 610042   2000610042   中心书库北库/ 北库032架B面2列1层16/ [索取号:G229.29/1] 在馆    
4 610043   2000610043   中心书库北库/ 北库032架B面2列1层12/ [索取号:G229.29/1] 在馆    
5 610044   2000610044   中心书库北库/ 北库032架B面2列1层17/ [索取号:G229.29/1] 在馆    
6 610045   2000610045   中心书库北库/ 北库032架B面2列1层13/ [索取号:G229.29/1] 在馆    
7 610046   2000610046   中心书库北库/ 北库032架B面2列1层9/ [索取号:G229.29/1] 在馆    
8 610047   2000610047   中心书库北库/ 北库032架B面2列1层14/ [索取号:G229.29/1] 在馆    
9 610048   2000610048   中心书库北库/ 北库032架B面2列1层11/ [索取号:G229.29/1] 在馆    
10 610049   2000610049   中心书库北库/ 北库032架B面2列1层15/ [索取号:G229.29/1] 在馆    
山东省滨州职业学院图书馆 欢迎您!
大连网信软件有限公司© 版权所有